logo

Bir Sreshtho Munshi Abdur Rouf Library
Jhenaidah Cadet College

Festivals of Bangladesh / (Record no. 11420)

MARC details
000 -LEADER
fixed length control field 00713nam a2200253 a 4500
001 - CONTROL NUMBER
JCCL Control Number 11420
003 - CONTROL NUMBER IDENTIFIER
JCCL marc code BD-JhCC
005 - DATE AND TIME OF LATEST TRANSACTION
control field 20190912095309.0
008 - FIXED-LENGTH DATA ELEMENTS--GENERAL INFORMATION
fixed length control field 190912s20132005ii a|||| |||| 000 0 eng d
020 ## - INTERNATIONAL STANDARD BOOK NUMBER
International Standard Book Number 9843228187
035 ## - SYSTEM CONTROL NUMBER
system control number (BD-JhCC)11420
040 ## - CATALOGING SOURCE
Original cataloging agency BD-JhCC
Modifying agency BD-JhCC
041 ## - LANGUAGE CODE
Language code of Book eng
082 ## - DEWEY DECIMAL CLASSIFICATION NUMBER
Classification number 394.2695492
Author mark and Year FES 2013
245 ## - TITLE STATEMENT
Title Festivals of Bangladesh /
Statement of responsibility, etc Edited by Anisuzzaman, Shamsuzzaman Khan and Syed Manzoorul Islam
260 ## - PUBLICATION, DISTRIBUTION, ETC. (IMPRINT)
Place of publication, distribution, etc Dhaka :
Name of publisher, distributor, etc Nymphea,
Date of publication, distribution, etc 2013
300 ## - PHYSICAL DESCRIPTION
Pagination 117 p. :
Other physical details ill. ;
Dimensions 26 cm
650 ## - SUBJECT ADDED ENTRY--TOPICAL TERM
Topical term or geographic name as entry element Festivals
Geographic subdivision Bangladesh
650 ## - SUBJECT ADDED ENTRY--TOPICAL TERM
Topical term or geographic name as entry element Fasts and feasts
700 ## - ADDED ENTRY--PERSONAL NAME
Personal name Anisuzzaman
700 ## - ADDED ENTRY--PERSONAL NAME
Personal name Khan, Shamsuzzaman
700 ## - ADDED ENTRY--PERSONAL NAME
Personal name Islam, Syed Manzoorul
942 ## - ADDED ENTRY ELEMENTS (KOHA)
Source of classification or shelving scheme Dewey Decimal Classification
Koha item type Reference
Holdings
Source of classification or shelving scheme Damaged status Not for loan Home library Current library Shelving location Date of accession Cost, normal purchase price Total Checkouts Full call number Barcode Date last seen Copy number Koha item type
Dewey Decimal Classification     JCC Rouf Library JCC Rouf Library General Stacks 06/20/2019 1700.00   394.2695492 FES 2013 15201 09/12/2019 C-1 Reference

JCC Library | Contacts | JCC Home

Last Update on 23 September 2017
Copyright @ 2017-2020 JCC Rouf Library
Rouf Library, Jhenidah Cadet College (JCC), Bangladesh